000 00202 a2200097 4500
020 _a9780064442374
041 _aeng
100 _aSyd Hoff
245 _aHappy Birthday Danny and the Dinosaur
942 _cK
999 _c27775
_d27775